El regreso del infierno : (Registro nro. 7048)

Detalles MARC
000 -LEADER
fixed length control field 01024cam a2200265 i 4500
003 - CONTROL NUMBER IDENTIFIER
control field OSt
005 - DATE AND TIME OF LATEST TRANSACTION
control field 20250505115148.0
008 - FIXED-LENGTH DATA ELEMENTS--GENERAL INFORMATION
fixed length control field 061024s2001 ck ao er 000 0 spa d
020 ## - INTERNATIONAL STANDARD BOOK NUMBER
International Standard Book Number 9589442846
040 ## - CATALOGING SOURCE
Original cataloging agency CO-BoPUJ
Language of cataloging spa
Description conventions rda
Transcribing agency CO-BoPUJ
041 0# - LANGUAGE CODE
Language code of text/sound track or separate title spa
043 ## - GEOGRAPHIC AREA CODE
Geographic area code s-ck---
082 04 - DEWEY DECIMAL CLASSIFICATION NUMBER
Classification number A-N
Item number TRUr
Edition number 23
100 1# - MAIN ENTRY--PERSONAL NAME
Personal name Trujillo, Luis Gonzalo,
Relator term autor
9 (RLIN) 12682
245 13 - TITLE STATEMENT
Title El regreso del infierno :
Remainder of title la historia real de Luis Gonzalo Trujillo /
Statement of responsibility, etc. Luis Gonzalo Trujillo
250 ## - EDITION STATEMENT
Edition statement Primera edición.
260 ## - PUBLICATION, DISTRIBUTION, ETC.
Place of publication, distribution, etc. Bogotá :
Name of publisher, distributor, etc. [Buena Semilla],
Date of publication, distribution, etc. [2001].
300 ## - PHYSICAL DESCRIPTION
Extent 233 páginas :
Other physical details ilustraciones, [8] páginas de fotos a color ;
Dimensions 23 cm.
500 ## - GENERAL NOTE
General note Incluye informe especial para padres de familia, jóvenes y educadores.
504 ## - BIBLIOGRAPHY, ETC. NOTE
Bibliography, etc. note El regreso del infierno -- Mi mensaje -- Informe especial
650 14 - SUBJECT ADDED ENTRY--TOPICAL TERM
Topical term or geographic name entry element Novela colombiana
Chronological subdivision Siglo XX
Geographic subdivision Colombia
Form subdivision Relatos personales
9 (RLIN) 12683
650 24 - SUBJECT ADDED ENTRY--TOPICAL TERM
Topical term or geographic name entry element Drogadictos
General subdivision Rehabilitación
Geographic subdivision Colombia
9 (RLIN) 12684
650 24 - SUBJECT ADDED ENTRY--TOPICAL TERM
Topical term or geographic name entry element Drogas y jóvenes
General subdivision Novela
9 (RLIN) 12685
942 ## - ADDED ENTRY ELEMENTS (KOHA)
Source of classification or shelving scheme Dewey Decimal Classification
Koha item type Books
Existencias
Withdrawn status Lost status Source of classification or shelving scheme Damaged status Not for loan Collection code Home library Current library Shelving location Date acquired Source of acquisition Total Checkouts Full call number Barcode Date last seen Date last checked out Copy number Price effective from Koha item type
    Dewey Decimal Classification     Fiction Biblioteca Pública José María del Castillo y Rada Biblioteca Pública José María del Castillo y Rada General Stacks 01/15/2018 Donación 2 A-N TRUr 201809909 05/31/2023 05/29/2023 Ej.1 01/15/2018 Books